<?xml version="1.0" encoding="UTF-8"?>
<collection xmlns="http://www.loc.gov/MARC21/slim">
 <record>
  <leader>00502cam a2200157 7i4500</leader>
  <controlfield tag="001">0000047335</controlfield>
  <controlfield tag="005">20051206090000.0</controlfield>
  <datafield tag="020" ind1="#" ind2="0">
   <subfield code="a">0072499427 </subfield>
  </datafield>
  <datafield tag="090" ind1="0" ind2="0">
   <subfield code="a">TK 5102.9 </subfield>
   <subfield code="b">R6</subfield>
  </datafield>
  <datafield tag="100" ind1="1" ind2="#">
   <subfield code="a">Roberts </subfield>
  </datafield>
  <datafield tag="245" ind1="1" ind2="0">
   <subfield code="a">Signals and systems : </subfield>
   <subfield code="b">analysis using transform methods and MATLAB  </subfield>
   <subfield code="c">Michael J. Roberts.</subfield>
  </datafield>
  <datafield tag="260" ind1="#" ind2="#">
   <subfield code="a">Dubuque, Iowa: </subfield>
   <subfield code="b">McGraw-Hill, </subfield>
   <subfield code="c">2004.</subfield>
  </datafield>
  <datafield tag="300" ind1="#" ind2="#">
   <subfield code="a">xvii, 1054 p.: </subfield>
   <subfield code="b">ill.; </subfield>
   <subfield code="c">27 cm..</subfield>
  </datafield>
  <datafield tag="650" ind1="0" ind2="0">
   <subfield code="a">System analysis </subfield>
  </datafield>
  <datafield tag="650" ind1="0" ind2="0">
   <subfield code="a">Signal processing </subfield>
  </datafield>
  <datafield tag="999" ind1=" " ind2=" ">
   <subfield code="a">1100038628</subfield>
   <subfield code="b">Book</subfield>
   <subfield code="c">Open Shelf</subfield>
   <subfield code="e">KOLEKSI TERBUKA</subfield>
  </datafield>
 </record>
</collection>
